Microsoft Office Access 2003 : Introductory

The I-Series leads the student through clear, error-free, and unambiguous steps to accomplish tasks that produce a finished document, work sheet or database table. The approach is not simply results-oriented; teaching how to accomplish a task is not enough for complete understanding and mastery. Pri...

Täydet tiedot

Tallennettuna:
Bibliografiset tiedot
Päätekijä: Haag, Stephen
Aineistotyyppi: Kirja
Kieli:Undetermined
Julkaistu: Boston Mcgraw-Hill Technology Education 2004
Aiheet:
Tagit: Lisää tagi
Ei tageja, Lisää ensimmäinen tagi!
Thư viện lưu trữ: Trung tâm Học liệu Trường Đại học Cần Thơ
LEADER 01281nam a2200217Ia 4500
001 CTU_137948
008 210402s9999 xx 000 0 und d
020 |c 51.56 
082 |a 005.7565 
082 |b H111 
100 |a Haag, Stephen 
245 0 |a Microsoft Office Access 2003 : 
245 0 |b Introductory 
245 0 |c Stephen Haag, James Perry, Merrill Wells 
260 |a Boston 
260 |b Mcgraw-Hill Technology Education 
260 |c 2004 
520 |a The I-Series leads the student through clear, error-free, and unambiguous steps to accomplish tasks that produce a finished document, work sheet or database table. The approach is not simply results-oriented; teaching how to accomplish a task is not enough for complete understanding and mastery. Prior to introducing steps, the authors discuss why each step is important and what roll all the steps play in the overall plan for creating a document, workbook or database. The I-Series Applications textbooks strongly emphasize that students learn and master applications skills by being actively engaged by doing. 
650 |a Microsoft Access,Database management,Chương trình Access,Quản trị cơ sở dữ liệu 
904 |i Giang 
980 |a Trung tâm Học liệu Trường Đại học Cần Thơ